[Event "Philadelphia International"]
[Site "Philadelphia"]
[Date "2012.07.02"]
[Round "7.19"]
[White "Ni, Viktorija"]
[Black "Ostrovskiy, Aleksandr"]
[Result "0-1"]
[WhiteElo "2228"]
[BlackElo "2322"]
[PlyCount "106"]
[EventDate "2012.07.??"]
[EventType "swiss"]
[EventRounds "9"]
[EventCountry "USA"]
[Source "MonRoi"]

1. d4 d5 2. c4 c6 3. Nf3 Nf6 4. e3 Bf5 5. Nc3 e6 6. Nh4 Be4 7. f3 Bg6 8. Qb3
Qc7 9. Bd2 Be7 10. Rc1 dxc4 11. Bxc4 a6 12. a4 Nbd7 13. g3 O-O 14. Kf2 Rad8 15.
Rhd1 e5 16. Nxg6 hxg6 17. a5 Ne8 18. Qc2 Nd6 19. Bb3 Qb8 20. Qxg6 Bf6 21. Ne2
c5 22. dxc5 Nc8 23. Qe4 Ne7 24. h4 Qc7 25. Bc2 g6 26. b4 Bg7 27. Nc3 Nf6 28.
Qc4 Qd7 29. Kg2 Nf5 30. Bxf5 gxf5 31. Be1 Qc6 32. e4 Rd4 33. Rxd4 exd4 34. Nd5
Re8 35. Nxf6+ Bxf6 36. exf5 Re3 37. Qf1 d3 38. Rd1 Re2+ 39. Kh1 Qb5 40. Rd2 Qc4
41. b5 Bc3 42. Rxe2 dxe2 43. Qf2 Bd4 44. Qg2 Qxb5 45. Kh2 Qd3 46. f4 Qd1 47.
Qh1 Bxc5 48. f6 Qd4 49. Qxb7 Qg1+ 50. Kh3 Qf1+ 51. Kg4 Qxe1 52. Qa8+ Bf8 53.
Qd5 Qb1 0-1

[Event "Philadelphia International"]
[Site "Philadelphia"]
[Date "2012.07.02"]
[Round "7.20"]
[White "Getz, Alec"]
[Black "Prieto, Ernesto"]
[Result "1-0"]
[WhiteElo "2321"]
[BlackElo "2100"]
[PlyCount "67"]
[EventDate "2012.07.??"]
[EventType "swiss"]
[EventRounds "9"]
[EventCountry "USA"]
[Source "MonRoi"]

1. e4 e5 2. Nf3 Nc6 3. d4 exd4 4. Nxd4 Nf6 5. Nxc6 bxc6 6. e5 Ne4 7. Nd2 Nc5 8.
Be2 Be7 9. O-O O-O 10. Nb3 Nxb3 11. axb3 d6 12. Bf4 f6 13. exd6 cxd6 14. Qd4
Bf5 15. Bd3 Bxd3 16. Qxd3 d5 17. Qf5 Re8 18. Qe6+ Kh8 19. Qxc6 Rc8 20. Qb5 Bc5
21. Rfe1 Re4 22. Rxe4 dxe4 23. Qe2 Qd4 24. c3 Qd5 25. b4 Bb6 26. Rd1 Qe6 27. h3
h6 28. Be3 Bc7 29. Bxa7 f5 30. Qb5 f4 31. Qd7 Qg8 32. Bd4 Kh7 33. Qf5+ Kh8 34.
Bxg7+ 1-0

[Event "Philadelphia International"]
[Site "Philadelphia"]
[Date "2012.07.02"]
[Round "7.23"]
[White "Aaron, Deepak"]
[Black "Obiamiwe, Paul"]
[Result "1-0"]
[WhiteElo "2263"]
[BlackElo "1985"]
[PlyCount "51"]
[EventDate "2012.07.??"]
[EventType "swiss"]
[EventRounds "9"]
[EventCountry "USA"]
[Source "MonRoi"]

1. e4 e5 2. Nf3 Nc6 3. d4 exd4 4. Nxd4 Nf6 5. Nxc6 bxc6 6. e5 Qe7 7. Qe2 Nd5 8.
Nd2 d6 9. exd6 Qxe2+ 10. Bxe2 cxd6 11. O-O Nb4 12. c3 Nd5 13. Bf3 Bd7 14. Nc4
Nb6 15. Re1+ Kd8 16. Na5 d5 17. Bf4 Kc8 18. Rad1 Bc5 19. b4 Bf8 20. a3 Na4 21.
c4 Nb2 22. cxd5 c5 23. Rd2 Na4 24. Rde2 Nb6 25. Re8+ Bxe8 26. Bg4+ 1-0

[Event "Philadelphia International"]
[Site "Philadelphia"]
[Date "2012.07.02"]
[Round "7.25"]
[White "Belliard, Luis"]
[Black "Nieto, Manuel V"]
[Result "1-0"]
[WhiteElo "2170"]
[BlackElo "1965"]
[PlyCount "79"]
[EventDate "2012.07.??"]
[EventType "swiss"]
[EventRounds "9"]
[EventCountry "USA"]
[Source "MonRoi"]

1. d4 Nf6 2. Nf3 e6 3. e3 c5 4. Bd3 d5 5. b3 b6 6. O-O Be7 7. Bb2 O-O 8. c4 Nc6
9. cxd5 exd5 10. Ne5 Qc7 11. f4 Nb4 12. Nc3 Nxd3 13. Qxd3 Bb7 14. Rac1 Rac8 15.
Rf3 Ne4 16. Rh3 Bf6 17. dxc5 Bxe5 18. fxe5 Qxe5 19. Nxe4 Qxe4 20. Qd4 Qxd4 21.
Bxd4 bxc5 22. Rxc5 Rxc5 23. Bxc5 Rc8 24. b4 a5 25. a3 axb4 26. axb4 Ba6 27. Rh5
Bc4 28. Re5 g6 29. Re7 h5 30. Kf2 Ra8 31. h4 Ra2+ 32. Kf3 Kg7 33. Bd4+ Kf8 34.
Rb7 Ke8 35. b5 Ra5 36. b6 Rb5 37. Kf4 Rb1 38. Ke5 Bf1 39. Kd6 f5 40. Ke6 1-0

[Event "Philadelphia International"]
[Site "Philadelphia"]
[Date "2012.07.02"]
[Round "7.29"]
[White "Coraretti, Benjamin"]
[Black "Helfst, Matt"]
[Result "1-0"]
[WhiteElo "2066"]
[BlackElo "1930"]
[PlyCount "38"]
[EventDate "2012.07.??"]
[EventType "swiss"]
[EventRounds "9"]
[EventCountry "USA"]
[Source "MonRoi"]

1. e4 e6 2. d4 d5 3. Nc3 dxe4 4. Nxe4 Bd7 5. Nf3 Bc6 6. Bd3 Nd7 7. O-O Ngf6 8.
Ng3 Bd6 9. Re1 Bxf3 10. Qxf3 c6 11. Nf5 Bf8 12. Bf4 Nb6 13. c4 Qd7 14. a4 O-O-O
15. Be5 a5 16. d5 Ne8 17. dxc6 bxc6 18. Red1 f6 19. c5 Qb7 1-0

[Event "Philadelphia International"]
[Site "Philadelphia"]
[Date "2012.07.02"]
[Round "8.1"]
[White "Gupta, Abhijeet"]
[Black "Venkatesh, Marani"]
[Result "1/2-1/2"]
[WhiteElo "2644"]
[BlackElo "2517"]
[PlyCount "93"]
[EventDate "2012.07.??"]
[EventType "swiss"]
[EventRounds "9"]
[EventCountry "USA"]
[Source "MonRoi"]
[TimeControl "6000+1375"]
[WhiteClock "0:39:48"]
[BlackClock "0:27:26"]

1. d4 Nf6 2. c4 e6 3. Nc3 Bb4 4. Qc2 O-O 5. Nf3 c5 6. dxc5 Na6 7. g3 Nxc5 8.
Bg2 b6 9. O-O Bb7 10. Nb5 Nce4 11. Ng5 d5 12. Nxe4 Nxe4 13. a3 Be7 14. Bxe4
dxe4 15. Bf4 Bc6 16. Rfd1 Qc8 17. Nd6 Bxd6 18. Bxd6 Rd8 19. Rac1 Qa6 20. Qc3
Rac8 21. Qe3 f6 22. b3 Rd7 23. Rd2 Rcd8 24. Rcd1 b5 25. cxb5 Bxb5 26. Bc5 Qc6
27. Rxd7 Rxd7 28. Rxd7 Qxd7 29. Qxe4 Qd1+ 30. Kg2 Qxb3 31. Qa8+ Kf7 32. Qxa7+
Kg8 33. Qb8+ Kf7 34. Qc7+ Kg8 35. Qd6 h6 36. Qd8+ Kh7 37. Qd2 Qc4 38. Bb4 Qxe2
39. Qxe2 Bxe2 40. a4 Kg6 41. a5 h5 42. f3 Kf5 43. Kf2 Ba6 44. Ke3 e5 45. Bf8 g6
46. h3 Ke6 47. Ke4 1/2-1/2

[Event "Philadelphia International"]
[Site "Philadelphia"]
[Date "2012.07.02"]
[Round "8.2"]
[White "Panjwani, Raja"]
[Black "Romanov, Evgeny"]
[Result "0-1"]
[WhiteElo "2416"]
[BlackElo "2631"]
[PlyCount "96"]
[EventDate "2012.07.??"]
[EventType "swiss"]
[EventRounds "9"]
[EventCountry "USA"]
[Source "MonRoi"]
[TimeControl "5400+1890"]
[WhiteClock "0:39:43"]
[BlackClock "0:39:56"]

1. c4 c5 2. Nc3 Nc6 3. g3 g6 4. Bg2 Bg7 5. e3 e5 6. Nge2 Nge7 7. O-O O-O 8. b3
d6 9. Bb2 a6 10. d3 Rb8 11. Qd2 b5 12. Rfd1 Qb6 13. Rac1 Bb7 14. Ba1 Rbd8 15.
f4 b4 16. Nd5 Nxd5 17. Bxd5 Ne7 18. Bxb7 Qxb7 19. Qe1 Rde8 20. Qf2 a5 21. g4 f5
22. g5 Nc6 23. d4 cxd4 24. exd4 exf4 25. d5 Ne5 26. Bxe5 Bxe5 27. Nxf4 Bxf4 28.
Qxf4 Qb6+ 29. Qf2 Qd8 30. h4 Re4 31. Re1 Qe7 32. Rxe4 fxe4 33. Qg2 e3 34. Rf1
e2 35. Rxf8+ Kxf8 36. Qf2+ Ke8 37. Qe1 Qe3+ 38. Kg2 Kd7 39. Kh2 Kc8 40. Kg2 Kb7
41. Kh2 Kb6 42. Kg2 Kc5 43. Kh2 Kd4 44. Kg2 Kd3 45. Qb1+ Kc3 46. Qe1+ Kb2 47.
c5 Qxc5 48. Qxe2+ Qc2 0-1

[Event "Philadelphia International"]
[Site "Philadelphia"]
[Date "2012.07.02"]
[Round "8.5"]
[White "Sethuraman, S."]
[Black "Smith, Bryan"]
[Result "1/2-1/2"]
[WhiteElo "2546"]
[BlackElo "2444"]
[PlyCount "61"]
[EventDate "2012.07.??"]
[EventType "swiss"]
[EventRounds "9"]
[EventCountry "USA"]
[Source "MonRoi"]
[TimeControl "6000+1130"]
[WhiteClock "0:15:28"]
[BlackClock "0:13:19"]

1. e4 c5 2. Nf3 g6 3. d4 Bg7 4. c4 Qb6 5. Nc3 cxd4 6. Nd5 Qa5+ 7. Bd2 Qd8 8.
Bf4 d6 9. Nxd4 Nf6 10. Nxf6+ Bxf6 11. Be3 Qa5+ 12. Qd2 Qxd2+ 13. Kxd2 Nc6 14.
Nb5 O-O 15. Nc3 Bg7 16. Be2 f5 17. exf5 Bxf5 18. Rac1 Nd4 19. Rhd1 Bd7 20. Bd3
Bc6 21. f3 a5 22. Ke1 Nf5 23. Bxf5 Rxf5 24. Kf2 a4 25. Rc2 g5 26. h3 h5 27. Kg1
Kf7 28. Ne2 Be5 29. Nd4 Bxd4 30. Rxd4 Rg8 31. Rd1 1/2-1/2

[Event "Philadelphia International"]
[Site "Philadelphia"]
[Date "2012.07.02"]
[Round "8.6"]
[White "Ippolito, Dean"]
[Black "Evdokimov, Alexander"]
[Result "1-0"]
[WhiteElo "2432"]
[BlackElo "2544"]
[PlyCount "53"]
[EventDate "2012.07.??"]
[EventType "swiss"]
[EventRounds "9"]
[EventCountry "USA"]
[Source "MonRoi"]
[TimeControl "6000+2570"]
[WhiteClock "0:22:13"]
[BlackClock "0:04:13"]

1. d4 Nf6 2. c4 g6 3. Nf3 Bg7 4. g3 O-O 5. Bg2 d5 6. cxd5 Nxd5 7. O-O Nb6 8.
Nc3 Nc6 9. d5 Na5 10. Qc2 Bd7 11. Rd1 Qc8 12. Bg5 Re8 13. Rac1 Bf5 14. e4 Bg4
15. Na4 Nac4 16. Nxb6 Nxb6 17. Qxc7 Bxb2 18. Qf4 Qd7 19. Rc7 Qa4 20. Rd2 Bxf3
21. Bxf3 Qxa2 22. d6 Qa1+ 23. Rd1 Qa4 24. Bxe7 Nd7 25. e5 Qb5 26. Rxb7 Qxe5 27.
Rxd7 1-0

[Event "Philadelphia International"]
[Site "Philadelphia"]
[Date "2012.07.02"]
[Round "8.7"]
[White "Rout, Padmini"]
[Black "Nikhil, Shyam"]
[Result "1/2-1/2"]
[WhiteElo "2345"]
[BlackElo "2502"]
[PlyCount "116"]
[EventDate "2012.07.??"]
[EventType "swiss"]
[EventRounds "9"]
[EventCountry "USA"]
[Source "MonRoi"]

1. e4 c5 2. Nf3 d6 3. d4 cxd4 4. Nxd4 Nf6 5. Nc3 a6 6. Bg5 e6 7. f4 Qc7 8. Bxf6
gxf6 9. Qf3 Nc6 10. O-O-O h5 11. Kb1 Bd7 12. Be2 O-O-O 13. Nxc6 Qxc6 14. a3 Kb8
15. Qd3 h4 16. Bf3 Qb6 17. Ne2 Be7 18. Nd4 Rc8 19. f5 Rhg8 20. h3 Rg3 21. Ne2
Rg5 22. Bg4 Bb5 23. Qb3 Qa5 24. Nd4 Ba4 25. Qb4 Qxb4 26. axb4 e5 27. Nb3 Rc4
28. Bf3 Rg8 29. Na1 Rxb4 30. b3 Bc6 31. Rhe1 Rc8 32. Ka2 Bb5 33. Re3 Be8 34. c4
a5 35. Nc2 Rb6 36. Red3 a4 37. Kb2 Rxc4 38. Ne3 Rcb4 39. Nd5 Rxb3+ 40. Ka1 Bf8
41. Nxb6 Rxb6 42. Rc1 Bh6 43. Rc2 Bb5 44. Rdc3 Bc6 45. Rb2 Rxb2 46. Kxb2 Bf4
47. Rxc6 bxc6 48. Ka3 Kc7 49. Kxa4 Kd7 50. Kb4 Ke7 51. Kc4 Kf8 52. Bd1 Ke7 53.
Ba4 Kd7 54. Bc2 Bc1 55. Bd1 Bb2 56. Bc2 Bc1 57. Bd1 Bb2 58. Bc2 Bc1 1/2-1/2

[Event "Philadelphia International"]
[Site "Philadelphia"]
[Date "2012.07.02"]
[Round "8.8"]
[White "Ludwig, Daniel"]
[Black "Zapata, Alonso"]
[Result "1/2-1/2"]
[WhiteElo "2456"]
[BlackElo "2484"]
[PlyCount "93"]
[EventDate "2012.07.??"]
[EventType "swiss"]
[EventRounds "9"]
[EventCountry "USA"]
[Source "MonRoi"]

1. d4 Nf6 2. c4 d6 3. Nc3 Nbd7 4. Nf3 c6 5. g3 e5 6. Bg2 Be7 7. O-O O-O 8. Qc2
Re8 9. b3 Bf8 10. Bb2 Qc7 11. Rac1 a6 12. Rfd1 e4 13. Nh4 d5 14. cxd5 cxd5 15.
f3 exf3 16. Bxf3 Qd6 17. Ng2 Nb6 18. Nf4 Bg4 19. Nd3 Nbd7 20. Na4 Qe6 21. Qd2
Ne4 22. Qf4 Bf5 23. Nac5 Nexc5 24. Nxc5 Nxc5 25. dxc5 Be4 26. Bxe4 dxe4 27. Qg5
f6 28. Qd5 Rac8 29. b4 Qxd5 30. Rxd5 Kf7 31. Rcd1 a5 32. a3 axb4 33. axb4 Rb8
34. Bc1 Ra8 35. Kf2 Ra4 36. R1d4 g6 37. g4 Re5 38. Rd7+ Re7 39. R7d5 Re5 40.
Rxe5 fxe5 41. Rd7+ Ke6 42. Rxb7 Rxb4 43. Rc7 Be7 44. g5 Rb8 45. Be3 Rb3 46. Rc8
Rc3 47. Rc7 1/2-1/2

[Event "Philadelphia International"]
[Site "Philadelphia"]
[Date "2012.07.02"]
[Round "8.9"]
[White "Sachdev, Tania"]
[Black "Chakkravarthy, Deepan"]
[Result "1/2-1/2"]
[WhiteElo "2417"]
[BlackElo "2461"]
[PlyCount "97"]
[EventDate "2012.07.??"]
[EventType "swiss"]
[EventRounds "9"]
[EventCountry "USA"]
[Source "MonRoi"]

1. d4 e6 2. c4 b6 3. e4 Bb7 4. Bd3 Nc6 5. Nf3 Nb4 6. Nc3 Nxd3+ 7. Qxd3 Ne7 8.
O-O Ng6 9. b3 Be7 10. Ne2 O-O 11. Ng3 a5 12. Bb2 d5 13. exd5 exd5 14. Rfe1 Re8
15. Rac1 Bf8 16. Rxe8 Qxe8 17. Re1 Qc6 18. Rc1 Re8 19. c5 Qe6 20. Qd2 Ba6 21.
Re1 Qd7 22. Rxe8 Qxe8 23. h4 Qd8 24. h5 Nh8 25. Qf4 f6 26. Nf5 Nf7 27. Qg4 Qe8
28. cxb6 cxb6 29. Ba3 Qe4 30. Qxe4 dxe4 31. Bxf8 Kxf8 32. Nd2 Bd3 33. Nc4 Bxc4
34. bxc4 g6 35. hxg6 hxg6 36. Ne3 Nd6 37. Nd5 Nxc4 38. Nxf6 Nd2 39. Nd7+ Ke7
40. Nxb6 Kd6 41. Nc8+ Kd5 42. Ne7+ Kc4 43. d5 Kc5 44. Nxg6 Kxd5 45. g4 Kd4 46.
Kg2 e3 47. fxe3+ Kxe3 48. Ne7 Kf4 49. a4 1/2-1/2

[Event "Philadelphia International"]
[Site "Philadelphia"]
[Date "2012.07.02"]
[Round "8.11"]
[White "Perez, Robert"]
[Black "Sarkar, Justin"]
[Result "1/2-1/2"]
[WhiteElo "2314"]
[BlackElo "2411"]
[PlyCount "57"]
[EventDate "2012.07.??"]
[EventType "swiss"]
[EventRounds "9"]
[EventCountry "USA"]
[Source "MonRoi"]

1. Nf3 Nf6 2. c4 g6 3. Nc3 Bg7 4. e4 e5 5. Nxe5 Nxe4 6. Nxe4 Bxe5 7. d4 Bg7 8.
Bg5 f6 9. Be3 O-O 10. Nc3 d6 11. g3 Nd7 12. Bg2 f5 13. O-O Nf6 14. Qd2 c6 15.
Rfe1 Bd7 16. Bf4 Be8 17. d5 c5 18. Re6 Bd7 19. Re2 Qc7 20. Re7 a6 21. Rae1 Rfe8
22. Bf3 Rxe7 23. Rxe7 Re8 24. Qe3 Rxe7 25. Qxe7 Ne8 26. Be2 Bf6 27. Qe3 Qd8 28.
h4 Qe7 29. Qxe7 1/2-1/2

[Event "Philadelphia International"]
[Site "Philadelphia"]
[Date "2012.07.02"]
[Round "8.12"]
[White "Kleinman, Michael"]
[Black "Kaufman, Lawrence"]
[Result "0-1"]
[WhiteElo "2284"]
[BlackElo "2380"]
[PlyCount "74"]
[EventDate "2012.07.??"]
[EventType "swiss"]
[EventRounds "9"]
[EventCountry "USA"]
[Source "MonRoi"]

1. c4 g6 2. Nf3 Bg7 3. e4 e5 4. d4 exd4 5. Nxd4 Nf6 6. Nc3 O-O 7. Be2 Re8 8. f3
c6 9. c5 b6 10. Nb3 bxc5 11. Nxc5 Qe7 12. Be3 d5 13. O-O Rd8 14. Qa4 d4 15.
Bxd4 Rxd4 16. Qxd4 Nfd7 17. Qe3 Nxc5 18. Rfd1 Nbd7 19. Rac1 Ne6 20. f4 Qc5 21.
Qxc5 Ndxc5 22. g3 Rb8 23. e5 f6 24. exf6 Bxf6 25. b3 Kg7 26. Bf3 Nd4 27. Kf2
Bf5 28. Be2 Nxe2 29. Nxe2 Nd3+ 30. Rxd3 Bxd3 31. Rxc6 Re8 32. Rc7+ Kg8 33. Nc3
Bd4+ 34. Kg2 Re3 35. Na4 Re2+ 36. Kf3 Rf2+ 37. Kg4 Bf5+ 0-1

[Event "Philadelphia International"]
[Site "Philadelphia"]
[Date "2012.07.02"]
[Round "8.14"]
[White "Gokhale, Chandrashekar"]
[Black "Karavade, Eesha"]
[Result "1/2-1/2"]
[WhiteElo "2218"]
[BlackElo "2353"]
[PlyCount "33"]
[EventDate "2012.07.??"]
[EventType "swiss"]
[EventRounds "9"]
[EventCountry "USA"]
[Source "MonRoi"]

1. d4 e6 2. Nf3 Nf6 3. Bf4 b6 4. e3 Bb7 5. h3 c5 6. c3 Be7 7. Be2 O-O 8. O-O
Nc6 9. Nbd2 cxd4 10. exd4 d6 11. Re1 Re8 12. a4 h6 13. Bg3 Bf8 14. Nc4 Rc8 15.
Bf1 Nb8 16. Nfd2 Qc7 17. Qb3 1/2-1/2

[Event "Philadelphia International"]
[Site "Philadelphia"]
[Date "2012.07.02"]
[Round "8.15"]
[White "Wheeler, Cameron"]
[Black "Bodek, Michael"]
[Result "1/2-1/2"]
[WhiteElo "2066"]
[BlackElo "2324"]
[PlyCount "64"]
[EventDate "2012.07.??"]
[EventType "swiss"]
[EventRounds "9"]
[EventCountry "USA"]
[Source "MonRoi"]

1. c4 e6 2. Nf3 Nf6 3. g3 d5 4. Bg2 dxc4 5. Qa4+ Nbd7 6. Qxc4 c5 7. Qb3 Bd6 8.
O-O O-O 9. d3 Rb8 10. a4 b6 11. Na3 a6 12. Nc4 Bc7 13. Bf4 Bb7 14. Rfc1 Bd5 15.
Qc2 Bxf4 16. gxf4 Qc7 17. e3 Rfd8 18. Ncd2 Rbc8 19. b4 Qb8 20. b5 a5 21. Nc4
Bxf3 22. Bxf3 Kh8 23. Kh1 Ne8 24. Qc3 f6 25. Rg1 Nd6 26. Rad1 Nf8 27. h4 Qc7
28. h5 h6 29. Nxd6 Qxd6 30. Rg3 Rc7 31. Be4 Rdc8 32. Rdg1 Qd8 1/2-1/2

[Event "Philadelphia International"]
[Site "Philadelphia"]
[Date "2012.07.02"]
[Round "8.16"]
[White "Ostrovskiy, Aleksandr"]
[Black "Wang, Kevin"]
[Result "1/2-1/2"]
[WhiteElo "2322"]
[BlackElo "2171"]
[PlyCount "42"]
[EventDate "2012.07.??"]
[EventType "swiss"]
[EventRounds "9"]
[EventCountry "USA"]
[Source "MonRoi"]

1. Nf3 d5 2. c4 e6 3. g3 dxc4 4. Qa4+ Nd7 5. Bg2 Ngf6 6. Qxc4 a6 7. Qc2 c5 8.
O-O b5 9. a4 Bb7 10. Rd1 Be7 11. d3 O-O 12. Nc3 Qb6 13. b3 Rac8 14. e4 Rfd8 15.
h3 Nb8 16. Be3 Nc6 17. Rac1 Nd7 18. axb5 axb5 19. d4 cxd4 20. Nxd4 Nxd4 21.
Bxd4 Bc5 1/2-1/2

[Event "Philadelphia International"]
[Site "Philadelphia"]
[Date "2012.07.02"]
[Round "8.17"]
[White "Mo, Kevin"]
[Black "Getz, Alec"]
[Result "1/2-1/2"]
[WhiteElo "2233"]
[BlackElo "2321"]
[PlyCount "69"]
[EventDate "2012.07.??"]
[EventType "swiss"]
[EventRounds "9"]
[EventCountry "USA"]
[Source "MonRoi"]

1. e4 c5 2. Nf3 d6 3. d4 cxd4 4. Nxd4 Nf6 5. Nc3 Nc6 6. Bg5 Qb6 7. Nb3 e6 8.
Bxf6 gxf6 9. Qd2 Bd7 10. O-O-O a6 11. f4 O-O-O 12. Be2 h5 13. Rhf1 h4 14. Kb1
Kb8 15. Rf3 Be7 16. Bf1 Rh5 17. f5 Ne5 18. Rf4 Rdh8 19. Nd4 Rg5 20. Nf3 Nxf3
21. Rxf3 Qc5 22. h3 Bc6 23. Rf4 Rgh5 24. Be2 Rg5 25. Bf3 Qe5 26. Ne2 Rg7 27.
Qe1 Rgh7 28. Qf2 Qc5 29. Qe1 Qe5 30. Rg4 exf5 31. exf5 Bxf3 32. gxf3 Qxf5 33.
Nd4 Qd7 34. Qe4 Rh5 35. Qd3 1/2-1/2

[Event "Philadelphia International"]
[Site "Philadelphia"]
[Date "2012.07.02"]
[Round "8.19"]
[White "Pratyusha, Bodda"]
[Black "Vazquez, Raul"]
[Result "1/2-1/2"]
[WhiteElo "2123"]
[BlackElo "2287"]
[PlyCount "62"]
[EventDate "2012.07.??"]
[EventType "swiss"]
[EventRounds "9"]
[EventCountry "USA"]
[Source "MonRoi"]

1. e4 c5 2. Nf3 d6 3. d4 cxd4 4. Nxd4 Nf6 5. Nc3 a6 6. Be3 e5 7. Nb3 Be6 8. f3
Nbd7 9. Qd2 b5 10. O-O-O Rc8 11. Qf2 Rxc3 12. bxc3 Qc7 13. g4 Qxc3 14. g5 Nh5
15. Qd2 Qc6 16. Qf2 Be7 17. Bg2 O-O 18. Kb1 b4 19. Qh4 g6 20. Bh3 Nb6 21. Bxe6
fxe6 22. Qg4 Ng7 23. Bxb6 Qxb6 24. Rd3 a5 25. Qg1 Qc7 26. Qe3 Nh5 27. h4 a4 28.
Nc1 Nf4 29. Rd2 d5 30. Nd3 d4 31. Qf2 Nh5 1/2-1/2

[Event "Philadelphia International"]
[Site "Philadelphia"]
[Date "2012.07.02"]
[Round "8.20"]
[White "Jayakumar, Adarsh"]
[Black "Patil, Anuprita"]
[Result "1/2-1/2"]
[WhiteElo "2267"]
[BlackElo "2101"]
[PlyCount "71"]
[EventDate "2012.07.??"]
[EventType "swiss"]
[EventRounds "9"]
[EventCountry "USA"]
[Source "MonRoi"]

1. d4 Nf6 2. c4 g6 3. g3 d5 4. cxd5 Nxd5 5. Nf3 Bg7 6. Bg2 O-O 7. O-O Nc6 8. e4
Nb6 9. d5 Na5 10. Nc3 c6 11. Bg5 h6 12. Bf4 cxd5 13. exd5 Nac4 14. Qb3 g5 15.
Bc1 e6 16. Nd2 exd5 17. Nxd5 Nxd5 18. Nxc4 Nb6 19. Na5 Qc7 20. Qf3 Nc4 21. Nxc4
Qxc4 22. b3 Qg4 23. Ba3 Qxf3 24. Bxf3 Rd8 25. Rfd1 Be6 26. Rac1 Rxd1+ 27. Rxd1
Rb8 28. Rc1 Be5 29. Kf1 b6 30. Ke2 Rc8 31. Bc6 Bg7 32. f4 Bf8 33. Bb2 Bg7 34.
Ba3 Bf8 35. Bxf8 Kxf8 36. Kd2 1/2-1/2

[Event "Philadelphia International"]
[Site "Philadelphia"]
[Date "2012.07.02"]
[Round "8.21"]
[White "Ebrahim-Shirazi, Behrooz"]
[Black "Aaron, Deepak"]
[Result "1/2-1/2"]
[WhiteElo "2070"]
[BlackElo "2263"]
[PlyCount "68"]
[EventDate "2012.07.??"]
[EventType "swiss"]
[EventRounds "9"]
[EventCountry "USA"]
[Source "MonRoi"]

1. d4 d5 2. c4 c6 3. Nf3 Nf6 4. e3 a6 5. Qc2 g6 6. Nc3 Bg7 7. Be2 O-O 8. O-O b5
9. b3 Bf5 10. Bd3 Bxd3 11. Qxd3 Nbd7 12. cxd5 Nxd5 13. Nxd5 cxd5 14. Bd2 Qb6
15. Bb4 Rfe8 16. Rac1 Bf8 17. Bc5 Qb7 18. Qd2 a5 19. a3 Rec8 20. Rc2 b4 21.
axb4 axb4 22. Rfc1 Ra3 23. Qd3 Ra6 24. h4 Rac6 25. h5 e5 26. hxg6 hxg6 27. e4
exd4 28. Bxf8 Rxc2 29. Rxc2 Rxc2 30. Qxc2 Nxf8 31. Nxd4 dxe4 32. Qc6 Qa7 33.
Qxe4 Qa1+ 34. Kh2 Qd1 1/2-1/2

[Event "Philadelphia International"]
[Site "Philadelphia"]
[Date "2012.07.02"]
[Round "8.22"]
[White "Kelley, Dereque"]
[Black "Acosta, Mariano"]
[Result "1-0"]
[WhiteElo "2242"]
[BlackElo "2086"]
[PlyCount "47"]
[EventDate "2012.07.??"]
[EventType "swiss"]
[EventRounds "9"]
[EventCountry "USA"]
[Source "MonRoi"]

1. d4 d5 2. c4 Bf5 3. cxd5 Bxb1 4. Qa4+ c6 5. Rxb1 Qxd5 6. Nf3 Qe4 7. Nd2 Qg6
8. Qb3 b6 9. g3 e6 10. Bg2 Ne7 11. O-O Nd7 12. e4 e5 13. dxe5 Nxe5 14. f4 Ng4
15. h3 h5 16. hxg4 hxg4 17. Re1 O-O-O 18. Nf1 Rh5 19. Be3 f5 20. Qc2 Kb8 21.
Rbd1 Rxd1 22. Rxd1 Nc8 23. exf5 Rxf5 24. Be4 1-0

[Event "Philadelphia International"]
[Site "Philadelphia"]
[Date "2012.07.02"]
[Round "8.26"]
[White "Lopez, Jorge"]
[Black "Chiang, Michael"]
[Result "0-1"]
[WhiteElo "2090"]
[BlackElo "2152"]
[PlyCount "66"]
[EventDate "2012.07.??"]
[EventType "swiss"]
[EventRounds "9"]
[EventCountry "USA"]
[Source "MonRoi"]

1. e4 e5 2. Nf3 Nc6 3. Bb5 a6 4. Ba4 Nf6 5. d4 exd4 6. O-O Be7 7. Re1 O-O 8. e5
Ne8 9. Nxd4 Nxd4 10. Qxd4 d5 11. c3 c5 12. Qd3 c4 13. Qe2 Bf5 14. Nd2 b5 15.
Bd1 Nc7 16. Nf1 Ne6 17. Ng3 Bd3 18. Qg4 Bc5 19. b4 Bb6 20. Bf3 Ra7 21. Nh5 Bg6
22. Rd1 Rd7 23. h4 d4 24. Bc6 Rc7 25. cxd4 Bxd4 26. Bb2 Bxb2 27. Rxd8 Rxd8 28.
Re1 Rxc6 29. Ng3 h5 30. Qf3 Nd4 31. Qe3 c3 32. Qg5 Ne6 33. Qe7 Rc7 0-1

[Event "Philadelphia International"]
[Site "Philadelphia"]
[Date "2012.07.02"]
[Round "8.27"]
[White "Pryor, Jamieson"]
[Black "Nieto, Manuel V"]
[Result "0-1"]
[WhiteElo "1855"]
[BlackElo "1965"]
[PlyCount "66"]
[EventDate "2012.07.??"]
[EventType "swiss"]
[EventRounds "9"]
[EventCountry "USA"]
[Source "MonRoi"]

1. d4 Nf6 2. c4 e6 3. Nc3 Bb4 4. e3 O-O 5. Bd3 c5 6. Nge2 d6 7. a3 Bxc3+ 8.
Nxc3 e5 9. d5 Re8 10. e4 Nbd7 11. O-O Nf8 12. Bg5 h6 13. Bd2 Ng6 14. Ne2 Nh5
15. Qc1 Qf6 16. Ng3 Nhf4 17. Qc3 Nxg2 18. f3 N2f4 19. Kf2 Qh4 20. Rh1 Nxd3+ 21.
Qxd3 Nf4 22. Qc2 a6 23. a4 Bd7 24. a5 Reb8 25. Qb3 f5 26. Qb6 Qf6 27. exf5 Bxf5
28. Ra3 Nd3+ 29. Kg2 Qg6 30. Rf1 Rf8 31. Kh1 Bh3 32. Rfa1 Rxf3 33. Be1 Rf1+ 0-1

[Event "Philadelphia International"]
[Site "Philadelphia"]
[Date "2012.07.02"]
[Round "8.28"]
[White "Helfst, Matt"]
[Black "Wettasinha, Vasanta"]
[Result "1-0"]
[WhiteElo "1930"]
[BlackElo "1827"]
[PlyCount "79"]
[EventDate "2012.07.??"]
[EventType "swiss"]
[EventRounds "9"]
[EventCountry "USA"]
[Source "MonRoi"]

1. c4 e5 2. Nc3 f5 3. g3 Nf6 4. Bg2 c6 5. d4 e4 6. d5 Bc5 7. e3 O-O 8. a3 a5 9.
Nge2 d6 10. O-O Nbd7 11. Rb1 Ne5 12. b4 axb4 13. axb4 Bb6 14. Qb3 Kh8 15. Bb2
Bd7 16. Na4 Nxc4 17. Nxb6 Nxb6 18. Nf4 Nbxd5 19. Ne2 Qe7 20. h4 Nc7 21. Rfc1
Be6 22. Qc2 Nb5 23. Ra1 Nd5 24. Qd2 c5 25. bxc5 dxc5 26. Ra5 Ndc7 27. Nf4 Rad8
28. Qe2 c4 29. Nxe6 Qxe6 30. Rxc4 b6 31. Ra1 Qd7 32. Be5 Ne6 33. Rb4 Nec7 34.
Qb2 Rfe8 35. Bf1 Nd6 36. Rxb6 Qe7 37. Bxd6 Rxd6 38. Rb7 Qd8 39. Raa7 Re7 40.
Rb8 1-0

[Event "Philadelphia International"]
[Site "Philadelphia"]
[Date "2012.07.03"]
[Round "9.3"]
[White "Romanov, Evgeny"]
[Black "Smith, Bryan"]
[Result "1-0"]
[WhiteElo "2631"]
[BlackElo "2444"]
[PlyCount "53"]
[EventDate "2012.07.??"]
[EventType "swiss"]
[EventRounds "9"]
[EventCountry "USA"]
[Source "MonRoi"]
[TimeControl "6000+1125"]
[WhiteClock "0:32:13"]
[BlackClock "0:20:04"]

1. d4 Nf6 2. c4 c5 3. d5 e6 4. Nc3 exd5 5. cxd5 d6 6. e4 g6 7. Bd3 Bg7 8. Nge2
O-O 9. O-O Ng4 10. h3 Ne5 11. Bc2 Na6 12. f4 Nc4 13. b3 Na5 14. f5 b5 15. Bf4
Nb4 16. Bb1 c4 17. Be3 Bd7 18. Bd4 Bxd4+ 19. Nxd4 Qb6 20. Nce2 Rac8 21. Qd2
cxb3 22. Qh6 Bxf5 23. exf5 Nxd5 24. fxg6 fxg6 25. Bxg6 hxg6 26. Qxg6+ Kh8 27.
Qh5+ 1-0